[Event "Mlada Boleslav op"]
[Site "?"]
[Date "1995.??.??"]
[Round "?"]
[White "Buturin, Vladimir"]
[Black "Jurek, Josef"]
[Result "1/2-1/2"]
[WhiteElo "2430"]
[BlackElo "2370"]

1.d4 e6 2.c4 Nf6 3.Nf3 b6 4.Nc3 Bb7 5.e3 d5 6.cxd5 exd5 7.Bb5+ c6 8.Bd3 Nbd7
9.Ne5 Be7 10.O-O Nxe5 11.dxe5 Nd7 12.f4 g6 13.b3 O-O 14.Bb2 Bc5 15.Qf3 Qe7
16.Rae1 a5 17.Kh1 Bb4 18.Rc1 Rad8 19.e4 Nc5 20.exd5 cxd5 21.Nb5 Ne4 22.Qh3 Rc8
23.Bd4 Bc5 24.Bxe4 dxe4 25.Bxc5 Rxc5 26.Nd6 Rxc1 27.Rxc1 f6 28.Qc3 fxe5 29.fxe5 Ba6
30.Qd4 Qg5 31.Rg1 e3 32.Ne4 Qf4 33.e6 Bf1 34.e7 Bxg2+ 35.Rxg2 Qf1+ 36.Rg1 Qf3+
37.Rg2  1/2-1/2

[Event "Mlada Boleslav op"]
[Site "?"]
[Date "1995.??.??"]
[Round "?"]
[White "Khoperia, Zaza"]
[Black "Hatanbaatar, Bazar"]
[Result "1/2-1/2"]
[WhiteElo "2350"]
[BlackElo "2440"]

1.d4 Nf6 2.c4 e6 3.Nf3 b6 4.Nc3 Bb4 5.Bg5 Bb7 6.Qc2 O-O 7.Nd2 c5 8.a3 Bxc3
9.bxc3 d6 10.f3 Nbd7 11.e3 Rc8 12.Bd3 h6 13.Bh4 cxd4 14.exd4 Qc7 15.Rc1 Nh5
16.Bg3 Ndf6 17.Kf2 Qe7 18.Qa4 Ba8 19.Qb4 Rfd8 20.a4 Qd7 21.a5 Rb8 22.Rb1 Qc7
23.axb6 axb6 24.Rb3 Nxg3 25.hxg3 d5 26.Rhb1 Nd7 27.cxd5 Bxd5 28.Ra3 Ra8 29.Rba1 Nf6  1/2-1/2

[Event "Amber-rapid 4th"]
[Site "Monte Carlo"]
[Date "1995.??.??"]
[Round "5"]
[White "Piket, Jeroen"]
[Black "Ljubojevic, Ljubomir"]
[Result "1/2-1/2"]
[WhiteElo "2670"]
[BlackElo "2580"]

1.d4 Nf6 2.c4 e6 3.Nf3 b6 4.Nc3 Bb7 5.a3 d5 6.Bg5 Be7 7.Qa4+ c6 8.Bxf6 Bxf6
9.cxd5 exd5 10.g3 O-O 11.Bg2 Re8 12.O-O Na6 13.Rad1 Nc7 14.e3 Qe7 15.Rd2 c5
16.dxc5 Bxc3 17.bxc3 Qxc5 18.Nd4 Ba6 19.Rfd1 Bc4 20.h4 h5 21.Qd7 g6 22.Nc6 Rac8
23.Ne5 Qe7 24.Qxe7 Rxe7 25.Nxc4 dxc4 26.Rd7 Kf8 27.Bb7 Rce8 28.Bc6 Rxd7 29.Rxd7 Re7
30.Rd8+ Kg7 31.Rc8 Kf6 32.e4 Ke6 33.Rd8 f5 34.f3 Kf6 35.Rc8 Ne6 36.Bd5 fxe4
37.fxe4 Nc5 38.Rc6+ Kg7 39.Bxc4 Rxe4 40.Rc7+ Kf6 41.Bd5 Re1+ 42.Kg2 Re2+
43.Kf3 Rc2 44.Rxa7 Rxc3+ 45.Kg2 Rd3 46.Bf3 Rd2+ 47.Kg1 Nd3 48.Rb7 Rb2 49.Rb8 Ne5
50.Be4 Ke7 51.Rg8 Rb3 52.Kg2 Rxa3 53.Bxg6 Ra2+ 54.Kh3 Nxg6 55.Rxg6 Kf7  1/2-1/2

[Event "New York op"]
[Site "New York"]
[Date "1995.??.??"]
[Round "6"]
[White "Friedman, Josef"]
[Black "Henley, Ron W"]
[Result "0-1"]
[WhiteElo "2290"]
[BlackElo "2480"]

1.d4 Nf6 2.c4 e6 3.Nf3 b6 4.Nc3 Bb4 5.Bg5 h6 6.Bh4 Bb7 7.e3 g5 8.Bg3 Ne4
9.Rc1 Bxc3+ 10.bxc3 d6 11.Nd2 Nxd2 12.Qxd2 Nd7 13.f3 f5 14.Bd3 Qf6 15.e4 f4
16.Bf2 e5 17.c5 dxc5 18.dxc5 O-O-O 19.cxb6 axb6 20.Qe2 Qe7 21.O-O Nc5 22.Bc4 g4
23.Kh1 h5 24.Rfd1 Kb8 25.Qb2 h4 26.Bd5 h3 27.gxh3 gxf3 28.Qb4 Rxh3 29.Bg1 f2
30.Bxf2 Rxh2+ 31.Kxh2 Qg5 32.Be6 Rh8+  0-1

[Event "Nikolaev zt"]
[Site "Nikolaev"]
[Date "1995.??.??"]
[Round "1"]
[White "Borovikov, Vladislav"]
[Black "Romanishin, Oleg M"]
[Result "1/2-1/2"]
[WhiteElo "2485"]
[BlackElo "2595"]

1.d4 Nf6 2.Nf3 e6 3.c4 b6 4.Nc3 Bb7 5.a3 g6 6.d5 exd5 7.cxd5 Bg7 8.g3 O-O
9.Bg2 c6 10.O-O cxd5 11.Bg5 Na6 12.Ne5 Qe8 13.Nc4 Bc6 14.Bxf6 Bxf6 15.Nxd5 Bg7
16.Rc1 b5 17.Na5 Rc8 18.Qd2 Qe5 19.Nc3 Bxg2 20.Kxg2 b4 21.axb4 Nxb4 22.Nb3  1/2-1/2

[Event "JUG-ch sf"]
[Site "Nis"]
[Date "1995.??.??"]
[Round "?"]
[White "Nestorovic, Dejan"]
[Black "Milic, Nenad"]
[Result "1/2-1/2"]
[WhiteElo "2415"]
[BlackElo "2160"]

1.d4 Nf6 2.c4 e6 3.Nf3 b6 4.Nc3 Bb7 5.a3 Be7 6.d5 O-O 7.e4 d6 8.Nd4 c5 9.Nf3 Ne8
10.Bd3 e5 11.O-O g6 12.Bh6 Ng7 13.Qd2 Bc8 14.Ne1 Nd7 15.g3 f5 16.f4 exf4
17.gxf4 fxe4 18.Nxe4 Nf6 19.Ng5 Ng4 20.Bxg7 Kxg7 21.Nef3 h6 22.Ne6+ Bxe6
23.dxe6 d5 24.Qg2 dxc4 25.Bxg6 Ne3 26.Qg3 Nxf1 27.Rxf1 Qd6 28.Bf7+ Kh8 29.Ne5 Rg8
30.Ng6+ Rxg6 31.Qxg6 Qd4+ 32.Rf2 Qf6 33.Qxf6+ Bxf6 34.Rg2 b5 35.Rg6 Bxb2
36.e7 c3 37.Rg2 b4 38.axb4 cxb4 39.f5 a5 40.Kf1 a4 41.e8=Q+ Rxe8 42.Bxe8 b3
43.Bxa4 c2 44.Rxc2  1/2-1/2

[Event "NLD-chT9596"]
[Site "?"]
[Date "1995.??.??"]
[Round "?"]
[White "Van Gaalen, Bas"]
[Black "Van der Wiel, John TH"]
[Result "0-1"]
[WhiteElo "2375"]
[BlackElo "2570"]

1.d4 Nf6 2.c4 e6 3.Nf3 b6 4.Nc3 Bb7 5.Bg5 h6 6.Bh4 Be7 7.Qc2 Bxf3 8.gxf3 c5
9.d5 Nxd5 10.cxd5 Bxh4 11.dxe6 fxe6 12.Qg6+ Kf8 13.Bh3 Nc6 14.Rd1 Nd4 15.e3 Qg5
16.Qxg5 Nxf3+ 17.Ke2 Nxg5 18.Bg2 Rd8 19.f4 Nf7 20.Bh3 Ke7 21.Rhg1 Rhg8 22.e4 g5
23.f5 Ne5 24.Rgf1 g4 25.Bg2 Bf6 26.Nb5  0-1

[Event "Novgorod op"]
[Site "Novgorod"]
[Date "1995.??.??"]
[Round "1"]
[White "Dukhov, Alexander"]
[Black "Tunik, Gennady"]
[Result "0-1"]
[WhiteElo "2340"]
[BlackElo "2530"]

1.d4 Nf6 2.c4 e6 3.Nf3 b6 4.Nc3 Bb4 5.Bg5 Bb7 6.e3 h6 7.Bh4 g5 8.Bg3 Ne4
9.Qc2 Bxc3+ 10.bxc3 d6 11.Bd3 f5 12.d5 Qf6 13.Nd4 exd5 14.cxd5 Bxd5 15.Nxf5 Nxg3
16.fxg3 Nd7 17.Be4 Qe5 18.Bxd5 Qxd5 19.O-O Nc5 20.Qe2 Kd7 21.Rad1 Qe6 22.Nd4 Qe4
23.Rf7+ Kd8 24.Nb5 Rh7 25.Rf8+ Kd7 26.Rd4 Qb1+ 27.Rf1 Qg6 28.h4 a6 29.Qf3 Re8
30.Na7 Ne4 31.Qg4+ Qe6 32.Rxe4 Qxg4 33.Rxg4 Ra8 34.hxg5 hxg5 35.Rxg5 Rxa7
36.Rg8 c5 37.Rf6 Kc6 38.g4 b5 39.Rgg6 Rad7 40.g5 a5 41.e4 Rhe7 42.Re6 Rxe6
43.Rxe6 c4 44.Kf2 b4 45.Ke3 b3 46.Rh6 Rg7 47.Kf4 Rf7+ 48.Kg3 Rf1 49.g6 bxa2
50.g7 a1=Q 51.g8=Q Qe1+  0-1

[Event "Novgorod op"]
[Site "Novgorod"]
[Date "1995.??.??"]
[Round "3"]
[White "Dukhov, Alexander"]
[Black "Aseev, Konstantin N"]
[Result "1/2-1/2"]
[WhiteElo "2340"]
[BlackElo "2530"]

1.d4 Nf6 2.c4 e6 3.Nf3 b6 4.Nc3 Bb7 5.Bg5 Be7 6.e3 c5 7.Bd3 cxd4 8.exd4 Bxf3
9.Qxf3 Nc6 10.Be3 O-O 11.O-O d5 12.Rfd1 Nb4 13.cxd5 Nbxd5 14.Bg5 Qd6 15.Rac1 Rfd8
16.h3 a6 17.Bh4 Nxc3 18.bxc3 b5 19.Bg3 Qa3 20.Qb7 Bd6 21.Bh4 Rdb8 22.Qf3 Nd5
23.Rc2 Be7 24.Bg3 Rd8 25.Rb1 Rac8 26.Rb3 Qa4 27.h4 Bd6 28.Bxd6 Rxd6 29.c4 bxc4
30.Rxc4 Qd7 31.Rc5 Rd8 32.g3 h6 33.Bc4 Qa7 34.Kg2 R6d7 35.Rc6 Rd6 36.Bxd5 Rxd5
37.Rcb6 Qe7 38.Rxa6 Rxd4 39.Ra8 g6 40.Rbb8 Rxb8 41.Rxb8+ Kg7 42.Qc3 Qd7 43.Qc5  1/2-1/2

[Event "Novgorod op"]
[Site "Novgorod"]
[Date "1995.??.??"]
[Round "7"]
[White "Nenashev, Alexander"]
[Black "Aseev, Konstantin N"]
[Result "1/2-1/2"]
[WhiteElo "2605"]
[BlackElo "2530"]

1.d4 Nf6 2.c4 e6 3.Nf3 b6 4.Nc3 Bb7 5.a3 d5 6.Bg5 Be7 7.e3 O-O 8.Rc1 c5 9.cxd5 Nxd5
10.Bxe7 Qxe7 11.dxc5 bxc5 12.Be2 Nd7 13.O-O Rab8 14.Qa4 Nxc3 15.Rxc3 Bxf3
16.Bxf3 Ne5 17.Rfc1 Rxb2 18.Rxc5 Nd3 19.R5c2 Rxc2 20.Rxc2 Ne1 21.Rc6 Nxf3+
22.gxf3 h5 23.Qa5 Qb7 24.Qc5 Qb1+ 25.Kg2 Qg6+ 26.Kh1 Qb1+ 27.Kg2 Qg6+  1/2-1/2

[Event "Odorheiu Secuiesc zt"]
[Site "Odorheiu Secuiesc"]
[Date "1995.??.??"]
[Round "3"]
[White "Priehoda, Vitezslav"]
[Black "Markowski, Tomasz"]
[Result "1-0"]
[WhiteElo "2400"]
[BlackElo "2470"]

1.d4 Nf6 2.c4 e6 3.Nf3 b6 4.Nc3 Bb7 5.a3 d5 6.Bg5 Be7 7.Qa4+ c6 8.Bxf6 Bxf6
9.cxd5 exd5 10.g3 O-O 11.Bg2 Re8 12.O-O Qd6 13.Rfe1 Nd7 14.e4 Qc7 15.exd5 cxd5
16.Qb3 Qc4 17.Rxe8+ Rxe8 18.Qd1 Qc7 19.Rc1 Rc8 20.Bh3 Qc6 21.Na2 Qb5 22.Rxc8+ Bxc8
23.Nb4 Bb7 24.Qc2 Nf8 25.Qc7 a5 26.Qxb7 axb4 27.Bf1 Qa5 28.axb4 Qxb4 29.Qxd5 Qxb2
30.Bc4 Ne6 31.Qa8+ Nf8 32.Qd5 Ne6 33.Qc6 Nf8 34.Qc7 Be7 35.Qxe7  1-0

[Event "CZE-ch"]
[Site "Olomouc"]
[Date "1995.??.??"]
[Round "?"]
[White "Vokac, Marek"]
[Black "Cvek, Robert"]
[Result "1-0"]
[WhiteElo "2475"]
[BlackElo "2285"]

1.d4 Nf6 2.c4 e6 3.Nf3 b6 4.Nc3 Bb4 5.Bg5 Bb7 6.e3 h6 7.Bh4 c5 8.Bd3 d6 9.O-O Bxc3
10.bxc3 Qe7 11.Nd2 g5 12.Bg3 Nbd7 13.a4 a5 14.Ra2 O-O-O 15.Rb2 h5 16.h4 Rdg8
17.f3 Ne8 18.Qe1 Rg7 19.Be4 Rhg8 20.Bxb7+ Kxb7 21.Nb3 Ka6 22.dxc5 dxc5 23.Rd2 gxh4
24.Bxh4 f6 25.Qb1 Nd6 26.Rfd1 Nf5 27.Rxd7 Rxg2+ 28.Kh1 Rg1+ 29.Rxg1 Rxg1+
30.Kxg1 Qxd7 31.Bf2 Ka7 32.e4 Qg7+ 33.Kh2 Qc7+ 34.Kg2 Qg7+ 35.Kh3 Nd6 36.Qd3 Qd7
37.Nxc5 Qc6 38.Nxe6 Nxc4 39.Qd5  1-0

[Event "Pardubice op"]
[Site "Pardubice"]
[Date "1995.??.??"]
[Round "?"]
[White "Gavrilov, Alexei"]
[Black "Bagaturov, Giorgi"]
[Result "1-0"]
[WhiteElo "2405"]
[BlackElo "2465"]

1.d4 Nf6 2.c4 e6 3.Nf3 b6 4.Nc3 Bb7 5.a3 d5 6.Bg5 Be7 7.Qa4+ c6 8.Bxf6 Bxf6
9.cxd5 exd5 10.e3 O-O 11.Be2 Re8 12.O-O a5 13.Rac1 Nd7 14.Bd3 g6 15.Rfd1 Bg7
16.e4 dxe4 17.Bxe4 Qf6 18.Re1 Re7 19.Bb1 Qf4 20.Rxe7 Qxc1+ 21.Qd1 Qxb2 22.Rxd7 Ba6
23.Qe1 Bc4 24.h4 Qxa3 25.Ng5 c5 26.Nxf7 Bxf7 27.Rxf7 Kxf7 28.Ba2+ Kf8 29.Qe6 Qc1+
30.Nd1 c4 31.Bxc4 Qxd1+ 32.Kh2 Ra7 33.Qg8+ Ke7 34.Qxg7+ Kd6 35.Qe5+ Kd7 36.Bb5+ Kc8
37.Qh8+ Kb7 38.Qxh7+ Ka8 39.Qg8+ Kb7 40.Qf7+ Kb8 41.Qe8+ Kb7 42.Qd7+ Kb8
43.Qe8+ Kc7 44.Qe5+ Kc8 45.Qe6+ Kc7 46.d5 Rb7 47.Qe5+ Kc8 48.Ba6  1-0

[Event "Pardubice op"]
[Site "Pardubice"]
[Date "1995.??.??"]
[Round "?"]
[White "Khoperia, Zaza"]
[Black "Tunik, Gennady"]
[Result "0-1"]
[WhiteElo "2350"]
[BlackElo "2515"]

1.d4 Nf6 2.c4 e6 3.Nf3 b6 4.Nc3 Bb4 5.Bg5 Bb7 6.Qc2 h6 7.Bh4 g5 8.Bg3 Ne4
9.Be5 O-O 10.d5 exd5 11.cxd5 Bxc3+ 12.bxc3 Bxd5 13.Rd1 Bb7 14.h4 d6 15.hxg5 Nd7
16.Bf4 hxg5 17.Nxg5 Ndc5 18.Nxe4 Bxe4 19.Qd2 Re8 20.Qd4 f6 21.f3 Bg6 22.e3 Bf7
23.Bg5 Nd7 24.Qh4 Kf8 25.Bh6+ Ke7 26.Bb5 Rh8 27.Qe4+ Ne5 28.Kd2 Qg8 29.g4 Bd5
30.Qf4 Bxf3 31.c4 Qxg4  0-1

[Event "Pardubice op"]
[Site "Pardubice"]
[Date "1995.??.??"]
[Round "?"]
[White "Vokac, Marek"]
[Black "Lingnau, Carsten"]
[Result "1-0"]
[WhiteElo "2475"]
[BlackElo "2400"]

1.d4 Nf6 2.c4 e6 3.Nf3 b6 4.Nc3 Bb7 5.a3 d5 6.cxd5 Nxd5 7.Qc2 Nxc3 8.bxc3 Be7
9.e3 Nd7 10.Bd3 c5 11.O-O h6 12.Qe2 O-O 13.e4 Qc7 14.Bb2 Rfd8 15.Rad1 Rac8
16.Rfe1 Qf4 17.d5 exd5 18.exd5 Bf6 19.Bc1 Qb8 20.Qe4 Nf8 21.c4 b5 22.Qg4 bxc4
23.Bf4 Qa8 24.Bxc4 Ng6 25.Bg3 Re8 26.d6 Bxf3 27.gxf3 Ne5 28.Bxe5 Rxe5 29.Rxe5 Bxe5
30.Qf5 Bb2 31.Bxf7+ Kh8 32.Bd5  1-0

[Event "Paris op"]
[Site "Paris"]
[Date "1995.??.??"]
[Round "?"]
[White "Wagner, Claude"]
[Black "Rigo, Janos"]
[Result "1-0"]
[WhiteElo "2405"]
[BlackElo "2310"]

1.d4 Nf6 2.c4 e6 3.Nf3 b6 4.Nc3 Bb7 5.Bg5 h6 6.Bh4 d5 7.cxd5 exd5 8.Qa4+ Bc6
9.Qb3 Be7 10.e3 O-O 11.Bd3 a5 12.O-O a4 13.Qc2 a3 14.Ne5 axb2 15.Qxb2 Bb7
16.a4 Nc6 17.Nxc6 Bxc6 18.Rfc1 Bb7 19.a5 Ba6 20.Bxa6 Rxa6 21.Bxf6 Bxf6 22.Qb5 Qa8
23.Nxd5 Bd8 24.Nb4 Rxa5 25.Rxa5 bxa5 26.Nc6 f5 27.Qxa5 Qxa5 28.Nxa5 f4 29.Nc6 fxe3
30.fxe3 Bg5 31.Rc3 Bh4 32.g3 Bf6 33.Kg2 h5 34.Nb4 Re8 35.Nd5 Bd8 36.Kf3  1-0

[Event "Polanica Zdroj op"]
[Site "Polanica Zdroj"]
[Date "1995.??.??"]
[Round "10"]
[White "Sapis, Witalis"]
[Black "Pisulinski, Jan"]
[Result "1-0"]
[WhiteElo "2450"]
[BlackElo "2390"]

1.d4 Nf6 2.Nf3 e6 3.c4 b6 4.Nc3 Bb4 5.Qc2 Bb7 6.a3 Bxc3+ 7.Qxc3 Ne4 8.Qc2 O-O
9.g3 c5 10.Bg2 d5 11.dxc5 bxc5 12.cxd5 exd5 13.Nd2 Nxd2 14.Bxd2 Qe7 15.Rc1 Nd7
16.Be3 Rac8 17.O-O Ba8 18.Qf5 d4 19.Bg5 f6 20.Bxa8 Rxa8 21.Bd2 Ne5 22.b4 d3
23.bxc5 dxe2 24.Rfe1 Qd8 25.Rxe2 Qd5 26.Rc3 Rfd8 27.Be1 Qd1 28.Qc2 Rac8 29.Qxd1 Rxd1
30.Kg2 Rd5 31.Rec2 Nd3 32.Bd2 Rc6 33.Kf1 Rcxc5 34.Rxc5 Nxc5 35.Be3 Nd7 36.Bxa7 Ra5
37.Rc7 Ne5 38.Bc5 Nd3 39.Bd6 Ra6 40.Be7 Kf7 41.Ke2 Nc1+ 42.Kd2 Nb3+ 43.Kc3 Nc1
44.Bc5+ Kg6 45.f4 h5  1-0

[Event "CZE Tschechien-ch"]
[Site "Prague"]
[Date "1995.??.??"]
[Round "?"]
[White "Pilar, Miloslav"]
[Black "Malivanek, Jiri"]
[Result "1-0"]
[WhiteElo "2330"]
[BlackElo "2155"]

1.d4 Nf6 2.c4 e6 3.Nc3 b6 4.Nf3 Bb7 5.e3 Be7 6.Bd3 d5 7.cxd5 exd5 8.O-O O-O
9.a3 c5 10.Ne5 Nbd7 11.Nxd7 Qxd7 12.Bd2 c4 13.Bc2 b5 14.f4 a5 15.Qe2 b4 16.Nd1 Ba6
17.Bc1 b3 18.Bb1 c3 19.Bd3 Bxd3 20.Qxd3 c2 21.Nf2 a4 22.h3 Rfe8 23.g4 h5
24.g5 Ne4 25.Kg2 Bd6 26.Nxe4 Rxe4 27.Bd2 Qe7 28.Rf3 Re8 29.Kf2 h4 30.Rg1 Bxa3
31.bxa3 Qxa3 32.Qc3 Rb8 33.g6 Qb4 34.gxf7+ Kxf7 35.Ke2 Qb5+ 36.Kf2 Re7 37.Qb2 Qd3
38.Bc1 Qd1 39.Qa3 Reb7 40.Qd6  1-0

[Event "Ptuj"]
[Site "Ptuj"]
[Date "1995.??.??"]
[Round "6"]
[White "Petrosian, Arshak B"]
[Black "Brglez, Rado"]
[Result "1/2-1/2"]
[WhiteElo "2435"]
[BlackElo "2275"]

1.d4 Nf6 2.c4 e6 3.Nf3 b6 4.Nc3 Bb7 5.a3 d5 6.Bg5 Be7 7.Qa4+ c6 8.Bxf6 Bxf6
9.cxd5 exd5 10.g3 O-O 11.Bg2 Nd7 12.O-O Re8 13.Rfd1 g6 14.Rac1 Bg7 15.e3 Qe7
16.Ne1 Nf6 17.Nd3 Ne4 18.Nxe4 dxe4 19.Nb4 b5 20.Qa5 Rec8 21.Rc2 c5 22.dxc5 Rxc5
23.Rcd2 Qc7 24.Qxc7 Rxc7 25.Nd5 Bxd5 26.Rxd5 Bxb2 27.Rxb5 Bxa3 28.Bxe4 Re8
29.Bd5 Kg7 30.e4 Ree7 31.Rd3 Bc5 32.Kg2 Bb6 33.Rb2 Rc1 34.Rbd2 Ba5 35.Re2 Bb6
36.Red2 Ba5 37.Re2 Bb6  1/2-1/2

[Event "Reykjavik Olafsson"]
[Site "Reykjavik"]
[Date "1995.??.??"]
[Round "2"]
[White "Gretarsson, Helgi Ass"]
[Black "Gligoric, Svetozar"]
[Result "1/2-1/2"]
[WhiteElo "2440"]
[BlackElo "2455"]

1.d4 Nf6 2.c4 e6 3.Nf3 b6 4.Nc3 Bb7 5.a3 d5 6.cxd5 exd5 7.Bf4 Bd6 8.Ne5 O-O
9.e3 c5 10.Be2 Nc6 11.Qa4 cxd4 12.exd4 Re8 13.Nxc6 Bxc6 14.Qxc6 Bxf4 15.g3 Bh6
16.O-O Bd2 17.Ba6 Re6 18.Qb5 Bxc3 19.bxc3 Ne4 20.Qd3 Qf6 21.a4 Rd8 22.Ra2 h5
23.Re2 h4 24.f3 Nd6 25.Rfe1 Rde8 26.Kg2 hxg3 27.hxg3 g6 28.Qd2 Nf5 29.Bd3 Ng7
30.Bb5 Rxe2+ 31.Rxe2 Rxe2+ 32.Bxe2 Qd6 33.Bd3 Nh5 34.Qe1 Kf8 35.Bb5 Nf6 36.Qe3 Qe7
37.Kf2 Qxe3+ 38.Kxe3 Ke7 39.c4 dxc4 40.Bxc4 Ne8 41.g4  1/2-1/2

[Event "ISL-ch"]
[Site "Reykjavik"]
[Date "1995.??.??"]
[Round "2"]
[White "Gretarsson, Helgi Ass"]
[Black "Hjartarson, Johann"]
[Result "0-1"]
[WhiteElo "2440"]
[BlackElo "2570"]

1.d4 Nf6 2.c4 e6 3.Nf3 b6 4.Nc3 Bb4 5.Qb3 c5 6.a3 Ba5 7.Bg5 h6 8.Bxf6 Qxf6
9.e3 cxd4 10.exd4 O-O 11.Be2 Bb7 12.O-O Bxc3 13.Qxc3 d6 14.Rac1 Nd7 15.Nd2 Rfc8
16.Qe3 Rc7 17.f4 Rac8 18.Rce1 d5 19.b3 dxc4 20.bxc4 Rd8 21.Bd3 Nf8 22.Nb3 Bc6
23.f5 Ba4 24.fxe6 Qxe6 25.Qg3 Qd6 26.Qxd6 Rxd6 27.c5 bxc5 28.Nxc5 Rxd4 29.Re4 Rxe4
30.Nxe4 Ne6 31.Rb1 Kf8 32.Ng3 g6 33.Rb4 Bd7 34.Ne2 Ke7 35.Kf2 Rc5 36.Rb3 Bc6
37.g3 Rh5 38.h4 Nc5 39.Rc3 Nxd3+ 40.Rxd3 Rf5+ 41.Kg1 Rf3 42.Rxf3 Bxf3 43.Nd4 Bd5
44.Kf2 a6 45.Ke3 Kd6 46.Nc2 Kc5 47.Kd3 Bc6 48.Ne3 h5 49.Kc3 Bb5 50.Nd1 Kd5
51.Nf2 Ke5 52.Nh3 Kd5 53.Kb4 Bf1 54.Ng5 f6 55.Nh7 Ke6 56.Nf8+ Kf5 57.a4 Kg4
58.Nxg6 Kxg3  0-1

[Event "RLP-ch"]
[Site "Saarburg"]
[Date "1995.??.??"]
[Round "?"]
[White "Schumacher, Olaf"]
[Black "Apsner, Burkhard"]
[Result "1/2-1/2"]
[WhiteElo "2290"]
[BlackElo "2275"]

1.d4 Nf6 2.c4 e6 3.Nf3 b6 4.Nc3 Bb7 5.a3 d5 6.cxd5 Nxd5 7.Qc2 Nd7 8.e4 Nxc3
9.bxc3 c5 10.Bd3 cxd4 11.cxd4 Rc8 12.Qe2 Qc7 13.O-O Be7 14.d5 O-O 15.dxe6 fxe6
16.Bb2 Qf4 17.Ba6 Bxe4 18.Bxc8 Rxc8 19.Rfe1 Bd5 20.Rac1 Rf8 21.Qe3 Qg4 22.h3 Qh5
23.Rc7 Bc5 24.Qc3 Rf7 25.Re3 Bxe3 26.Rc8+ Nf8 27.Rxf8+ Kxf8 28.Qc8+ Ke7  1/2-1/2

[Event "Sollentuna op"]
[Site "Sollentuna"]
[Date "1995.??.??"]
[Round "8"]
[White "Hillarp Persson, Tiger"]
[Black "Sandstrom, Ludvig"]
[Result "1/2-1/2"]
[WhiteElo "2395"]
[BlackElo "2320"]

1.c4 Nf6 2.Nf3 e6 3.d4 b6 4.Nc3 Bb7 5.Bg5 Be7 6.e3 h6 7.Bh4 O-O 8.Bd3 d5
9.O-O Nbd7 10.Rc1 c5  1/2-1/2

[Event "Chigorin mem"]
[Site "St Petersburg"]
[Date "1995.??.??"]
[Round "6"]
[White "Burmakin, Vladimir"]
[Black "Aseev, Konstantin N"]
[Result "1-0"]
[WhiteElo "2500"]
[BlackElo "2530"]

1.d4 Nf6 2.c4 e6 3.Nf3 b6 4.Nc3 Bb7 5.Qc2 c5 6.dxc5 bxc5 7.Bf4 Be7 8.Nb5 Na6
9.a3 d5 10.e3 O-O 11.Rd1 Qa5+ 12.Qc3 Qb6 13.Be2 Ne4 14.Qc2 Qa5+ 15.Nc3 Bf6
16.Be5 Bxe5 17.Nxe5 d4 18.Qa4 Qc7 19.Nxe4 Qxe5 20.f3 f5 21.exd4 cxd4 22.Nf2 Nc5
23.Qc2 Bc6 24.Nd3 Nxd3+ 25.Qxd3 Rad8 26.O-O Qf6 27.b4 e5 28.c5 Kh8 29.b5 e4
30.fxe4 Bxe4 31.Qc4 Qg5 32.Rf2 d3 33.Bf1 Qe3 34.c6 f4 35.Qb4 Rfe8 36.c7 Rc8
37.Re1 d2 38.Qxd2 Qxd2 39.Rxd2 Rxc7 40.Rxe4  1-0

[Event "St Petersburg-ch"]
[Site "St Petersburg"]
[Date "1995.??.??"]
[Round "6"]
[White "Solozhenkin, Evgeniy"]
[Black "Aseev, Konstantin N"]
[Result "1/2-1/2"]
[WhiteElo "2480"]
[BlackElo "2530"]

1.d4 Nf6 2.c4 e6 3.Nf3 b6 4.Nc3 Bb7 5.a3 d5 6.Qc2 dxc4 7.e4 c5 8.d5 exd5
9.exd5 Bd6 10.Bxc4 Qe7+ 11.Be3 Ng4 12.O-O Nxe3 13.Qa4+ Nd7 14.Rfe1 O-O 15.Rxe3 Qd8
16.Ba6 Bxa6 17.Qxa6 Nf6  1/2-1/2

[Event "St Petersburg-ch"]
[Site "St Petersburg"]
[Date "1995.??.??"]
[Round "7"]
[White "Aseev, Konstantin N"]
[Black "Yemelin, Vasily"]
[Result "1-0"]
[WhiteElo "2530"]
[BlackElo "2515"]

1.d4 Nf6 2.c4 e6 3.Nf3 b6 4.Nc3 Bb4 5.Bg5 Bb7 6.e3 h6 7.Bh4 Bxc3+ 8.bxc3 d6
9.Nd2 Nbd7 10.f3 Qe7 11.e4 e5 12.Be2 Qe6 13.Bf2 O-O 14.Qc2 c6 15.O-O d5 16.exd5 cxd5
17.Rfe1 Rfe8 18.Bf1 Qc6 19.Qb3 exd4 20.cxd4 Rxe1 21.Rxe1 Re8 22.Rxe8+ Nxe8
23.Qa3 dxc4 24.Nxc4 a5 25.d5 Qxd5 26.Nxb6 Nxb6 27.Bxb6 Nd6 28.Qxa5 Qd1 29.Bf2 Bc6
30.Qe1 Qd5 31.Qc3 Bb5 32.Qd4 Qc6 33.Qc5 Qd7 34.Bxb5 Nxb5 35.Qc2 Na3 36.Qb3 Qd2
37.h3 Nc2 38.a4 Nd4 39.Qe3 Qd1+ 40.Kh2 Nf5 41.Qe8+ Kh7 42.Qe4 g6 43.g4 Qd2
44.Qe1 Qf4+ 45.Kg2 Ng7 46.a5 Qa4 47.Qd2 h5 48.Be3 Qc4 49.Kf2 Qa4 50.Qd5 h4
51.Qxf7 Qxa5 52.Qe7 Qa2+ 53.Kg1 Qb1+ 54.Kg2 Qc2+ 55.Bf2 Kg8 56.Qxh4 Ne6 57.Qf6 Nf8
58.h4 Nh7 59.Qe6+ Kg7 60.Qe7+ Kg8 61.Qe6+ Kg7 62.Qd7+ Kg8 63.Kg3  1-0

[Event "SVK-chT"]
[Site "?"]
[Date "1995.??.??"]
[Round "?"]
[White "Balogh, Tomas"]
[Black "Lembak, Jurij"]
[Result "1/2-1/2"]
[WhiteElo "2250"]
[BlackElo "2295"]

1.d4 Nf6 2.c4 e6 3.Nf3 b6 4.Nc3 Bb4 5.Bg5 Bb7 6.e3 O-O 7.Be2 Bxc3+ 8.bxc3 d6
9.O-O Nbd7 10.Nd2 e5 11.Bf3 Qc8 12.Qc2 Bxf3 13.Nxf3 Qb7 14.Bxf6 Nxf6 15.dxe5 dxe5
16.Nxe5 Qe4 17.Qxe4 Nxe4 18.Rfd1 Nxc3 19.Rd3 Ne4  1/2-1/2

[Event "SVK-chT"]
[Site "?"]
[Date "1995.??.??"]
[Round "?"]
[White "Petran, Peter"]
[Black "Cervenka, Imrich"]
[Result "0-1"]
[WhiteElo "2420"]
[BlackElo "2210"]

1.d4 Nf6 2.c4 e6 3.Nf3 b6 4.Nc3 Bb7 5.Bg5 Be7 6.Bxf6 Bxf6 7.e4 d6 8.Bd3 Nd7
9.Bc2 O-O 10.Qd3 g6 11.h4 e5 12.d5 Kg7 13.h5 Bg5 14.Nd1 Nc5 15.Qe2 c6 16.Ne3 cxd5
17.cxd5 Ba6 18.Qd2 Rc8 19.b4 Nd7 20.Ba4 b5 21.Bd1 Nb6 22.Be2 Nc4 23.Bxc4 Rxc4
24.hxg6 Rxe4 25.Rxh7+ Kxg6 26.Nxg5 Qxg5 27.Rh3 Kf6 28.Kf1 Bc8 29.Rg3 Qh4
30.Qc3 Bg4 31.Nxg4+ Rxg4 32.Rh3 Rc4 33.Qe3 Qd4 34.Qh6+ Ke7 35.Re1 Qf4 36.Qh7 Rc1
37.Re3 Rfc8 38.g3 Qxb4 39.Rxc1 Rxc1+ 40.Kg2 Qc4 41.Qh4+ Qxh4 42.gxh4 a5 43.h5 Kf6
44.Rf3+ Kg7 45.h6+ Kxh6 46.Rxf7 Ra1 47.Rf6+ Kg5 48.Rxd6 Rxa2 49.Rb6 Rb2 50.Kf3 Kf5
51.d6 Ke6 52.Ke4 a4 53.d7+ Kxd7 54.Kxe5 Kc7 55.Rf6 a3 56.f4 a2 57.Ra6 b4
58.f5 b3 59.f6 Rf2 60.Ke6 Rf1 61.f7 b2  0-1

[Event "SWZ-chT"]
[Site "SWZ"]
[Date "1995.??.??"]
[Round "2"]
[White "Levacic, Damir"]
[Black "Ballmann, Martin"]
[Result "0-1"]
[WhiteElo "2325"]
[BlackElo "2345"]

1.d4 Nf6 2.Nf3 e6 3.c4 b6 4.Nc3 Bb4 5.Bg5 Bb7 6.e3 h6 7.Bh4 g5 8.Bg3 Ne4
9.Qc2 d6 10.Bd3 Bxc3+ 11.bxc3 Nxg3 12.fxg3 Nd7 13.O-O Qe7 14.a4 a5 15.Rab1 O-O-O
16.Nd2 Rdf8 17.c5 dxc5 18.Be4 Ba6 19.Bd3 Bb7 20.Bb5 e5 21.Bxd7+ Qxd7 22.dxc5 Rd8
23.Rf2 Qd3 24.Qb2 Qxe3 25.cxb6 Qxb6 26.Qxb6 cxb6 27.Nc4 Be4 28.Re1 Bg6 29.Nxe5 Rhe8
30.Rfe2 Bd3 31.Re3 Bc2 32.Nxf7 Rxe3 33.Rxe3 Rd1+ 34.Kf2 Bxa4 35.Nxh6 Bb5
36.Re5 Rf1+ 37.Ke3 Re1+ 38.Kd4 Rxe5 39.Kxe5 a4 40.Nf5 a3 41.Nd4 Ba4  0-1

[Event "SWZ-chT"]
[Site "SWZ"]
[Date "1995.??.??"]
[Round "7"]
[White "Levacic, Damir"]
[Black "Almada, Enrique"]
[Result "0-1"]
[WhiteElo "2325"]
[BlackElo "2295"]

1.d4 Nf6 2.Nf3 e6 3.c4 b6 4.Nc3 Bb7 5.Bg5 Bb4 6.e3 c5 7.Bd3 h6 8.Bh4 Nc6
9.O-O Bxc3 10.bxc3 g5 11.Bg3 d6 12.d5 exd5 13.cxd5 Nxd5 14.Bc4 Nxc3 15.Qb3 Qf6
16.Bxf7+ Ke7 17.Bh5 Na5 18.Qc2 Be4 19.Qd2 Nc4 20.Qe1 Bd3 21.Kh1 Ne2 22.Rd1 Nxg3+
23.hxg3 Bxf1 24.Qxf1 b5 25.Nh2 Rad8 26.e4 Rhf8 27.Ng4 Qe6 28.Qe2 Kd7 29.a4 a6
30.axb5 axb5 31.f3 Kc6 32.Kh2 Ra8 33.Rf1 Ra7 34.Rb1 Rfa8 35.Qd3 Ra3 36.Qe2 Ra2
37.Qf1 b4 38.Rc1 Nd2 39.Qd3 R8a3 40.Qd5+ Qxd5 41.exd5+ Kb5  0-1

[Event "Szekszard op "]
[Site "Szekszard"]
[Date "1995.??.??"]
[Round "?"]
[White "Bocska, Janos"]
[Black "Taborov, Boris"]
[Result "0-1"]
[WhiteElo "2095"]
[BlackElo "2385"]

1.d4 Nf6 2.c4 e6 3.Nf3 b6 4.Nc3 Bb7 5.Bg5 Be7 6.e3 O-O 7.Bd3 c5 8.O-O cxd4
9.Nxd4 a6 10.Rc1 d6 11.Bb1 Nbd7 12.Nde2 Rc8 13.b3 Re8 14.Bh4 Qc7 15.f3 Qb8
16.e4 Bd8 17.Bf2 Bc7 18.Ng3 Ne5 19.Qd2 Ng6 20.Na4 Bc6 21.Qb4 b5 22.cxb5 Bxb5
23.Rfd1 d5 24.Nc3 Bd6 25.Qa5 Bf4 26.Rc2 dxe4 27.Ncxe4 Nd5 28.a4 Bc6 29.Nc5 Ne3
30.Bxe3 Bxe3+ 31.Kh1 Red8 32.Re1 Bxc5 33.Rxc5 Bd5 34.b4 Rxc5 35.Qxc5 Rc8
36.Qa5 Ne7 37.Be4 Nc6 38.Qxa6 Nxb4 39.Qa5 Bxe4 40.Nxe4 Nd5 41.Qb5 Qxb5 42.axb5 Kf8
43.Kg1 Rb8 44.Rb1 Ke7 45.Rb3 f5 46.Nd2 Kd6 47.g4 g6 48.Rb2 Kc5 49.Nb3+ Kc4
50.Na5+ Kc3 51.Rb1 Kc2 52.Nc6 Rb6 53.Re1 Nc7 54.gxf5 gxf5 55.Re5 Kd3 56.Kf2 Rxb5
57.Rxb5 Nxb5 58.Nd8 e5 59.Nf7 e4  0-1

[Event "JUG-chT"]
[Site "Tivat"]
[Date "1995.??.??"]
[Round "3"]
[White "Jovicevic, Bozidar"]
[Black "Kostic, Branimir"]
[Result "0-1"]
[WhiteElo "2280"]
[BlackElo "2330"]

1.d4 Nf6 2.Nf3 e6 3.c4 b6 4.Nc3 Bb7 5.a3 d5 6.Bg5 Be7 7.Qa4+ c6 8.Bxf6 Bxf6
9.cxd5 exd5 10.g3 O-O 11.Bg2 Re8 12.O-O Nd7 13.Rfd1 a5 14.Rac1 b5 15.Qc2 Nb6
16.e3 Nc4 17.Ne2 a4 18.Nf4 Bc8 19.Nd3 Bf5 20.Qe2 Bxd3 21.Rxd3 Qb6 22.Qc2 Re6
23.Rdd1 g6 24.Nd2 Bg7 25.h4 h5 26.Nf3 Bf6 27.Bf1 Kg7 28.Bd3 Qc7 29.Re1 Rae8
30.Bxc4 bxc4 31.Kg2 Qa5 32.Rcd1 Qb5 33.Re2 Rb8 34.Rdd2 Qb3 35.Qxb3 Rxb3 36.Rc2 Re8
37.Nd2 Bxd4 38.Nxb3 axb3 39.Rc1 f5 40.Kf1 Be5 41.Kg2 Ra8 42.f3 Ra4 43.Rd2 Kf7
44.Kf2 Ke6 45.Rcd1 Bxb2 46.Rxb2 Rxa3 47.Rc1 Kd6 48.e4 fxe4 49.fxe4 Kc5 50.e5 Kb4
51.e6 Ra7 52.Re2 Re7 53.Kf3 c3 54.Kf4 b2 55.Rf1 Kb3 56.Ke5 c2 57.Rf3+ Kb4
58.Rf7 Rxe6+ 59.Kxe6 c1=Q  0-1